ბათუმის შოთა რუსთაველის სახელმწიფო უნივერსიტეტის ბიბლიოთეკა

Tour operators and operations : (ბიბ.ჩანაწერი № 57502)

000 -LEADER
fixed length control field 00964cam a22003018i 4500
001 - CONTROL NUMBER
control field 19862651
005 - DATE AND TIME OF LATEST TRANSACTION
control field 20221107172148.0
008 - FIXED-LENGTH DATA ELEMENTS--GENERAL INFORMATION
fixed length control field 170804s2018 enk b 001 0 eng
010 ## - LIBRARY OF CONGRESS CONTROL NUMBER
LC control number 2017022450
020 ## - INTERNATIONAL STANDARD BOOK NUMBER
International Standard Book Number 9781780648231 (pbk. : alk. paper) X
020 ## - INTERNATIONAL STANDARD BOOK NUMBER
Canceled/invalid ISBN 9781780648248 (eBook) X
020 ## - INTERNATIONAL STANDARD BOOK NUMBER
Canceled/invalid ISBN 9781780648255 (ePub)
041 ## - LANGUAGE CODE
Language code of text/sound track or separate title eng
042 ## - AUTHENTICATION CODE
Authentication code pcc
080 ## - UNIVERSAL DECIMAL CLASSIFICATION NUMBER
Universal Decimal Classification number 338.48+005.5 H-75
082 00 - DEWEY DECIMAL CLASSIFICATION NUMBER
Classification number 910.68
Edition number 23
100 1# - MAIN ENTRY--PERSONAL NAME
Personal name Holland, Jakki,
Relator term author.
9 (RLIN) 8885
245 10 - TITLE STATEMENT
Title Tour operators and operations :
Remainder of title development, management and responsibility /
Statement of responsibility, etc. by Jakki Holland and David Leslie.
263 ## - PROJECTED PUBLICATION DATE
Projected publication date 1710
264 #1 - PRODUCTION, PUBLICATION, DISTRIBUTION, MANUFACTURE, AND COPYRIGHT NOTICE
Place of production, publication, distribution, manufacture Wallingford, Oxfordshire ;
-- Boston, MA :
Name of producer, publisher, distributor, manufacturer CABI,
Date of production, publication, distribution, manufacture, or copyright notice 2018.
300 ## - PHYSICAL DESCRIPTION
Extent pages cm
650 #0 - SUBJECT ADDED ENTRY--TOPICAL TERM
Topical term or geographic name entry element Tourism
General subdivision Management.
9 (RLIN) 8886
650 #0 - SUBJECT ADDED ENTRY--TOPICAL TERM
Topical term or geographic name entry element Package tours.
9 (RLIN) 8887
653 ## - INDEX TERM--UNCONTROLLED
keyword ტურიზმი
653 ## - INDEX TERM--UNCONTROLLED
keyword მენეჯმენტი
700 1# - ADDED ENTRY--PERSONAL NAME
Personal name Leslie, David,
Dates associated with a name 1951-
Relator term ავტორი
9 (RLIN) 8888
942 ## - ADDED ENTRY ELEMENTS (KOHA)
Source of classification or shelving scheme
Koha item type წიგნი
ეგზემპლარები
Withdrawn status Lost status Source of classification or shelving scheme Damaged status Not for loan Permanent Location Current Location Shelving location Date acquired Cost, normal purchase price Full call number Barcode Date last seen Copy number Price effective from Koha item type Public note
          ბათუმის შოთა რუსთაველის სახელმწიფო უნივერსიტეტის მთავარი ბიბლიოთეკა ბათუმის შოთა რუსთაველის სახელმწიფო უნივერსიტეტის მთავარი ბიბლიოთეკა წიგნსაცავი 2020-06-29 111.00 338.48+005.5 H-75 60698 2020-06-29 60698 2020-06-29 წიგნი 111 ლ.